000 01069nam a22003017a 4500
001 5868
003 FISKH
005 20250827092131.0
008 250127b cb ||||| |||| 00| 0 eng d
020 _a9781575420134
040 _aFISKH
_beng
_cFISKH
_dFISKKH
050 _aHQ784.S56
082 _a302
100 _aPayne, Murphy Lauren
_d(1956-)
245 _aWe can get along /
_cA Child's Book of Choices By Lauren Murphy Payne, M.S.W. ; Illustrations by Claudia Rohling
250 _aThis edition first published in 1997
260 _aMinnesota :
_bFree Spirit,
_c1997.
300 _a30 pages :
_bcolor illustrations ;
_c24 cm
505 _aJ
520 _aIn simple text, describes how it feels when people get along well together and when they do not, and explains that one has control over how one reacts in both kinds of situations.
521 8 _a440
_bLexile
521 8 _aJ
_bRaz-Plus
650 _2Friendship
_aFeelings
650 _2Child Life
_aChoices
700 _aRohling, Claudia
_dillustrator
942 _2ddc
_cBK
_n0
999 _c5868
_d5868